Normal view
MARC view
Entry Personal Name
001 - CONTROL NUMBER
- control field: 11292
003 - CONTROL NUMBER IDENTIFIER
- control field: ARRUPE
005 - DATE AND TIME OF LATEST TRANSACTION
- control field: 20140912142708.0
008 - FIXED-LENGTH DATA ELEMENTS
- fixed length control field: 140912|| aca||aabn | a|a d
040 ## - CATALOGING SOURCE
- Original cataloging agency: ARRUPE
- Transcribing agency: ARRUPE
100 ## - HEADING--PERSONAL NAME
- Personal name: James, Wendy.
670 ## - SOURCE DATA FOUND
- Source citation: Work cat.: (ARRUPE)0: James, Wendy., The pursuit of certainty :, 1995.